[Event "TechM GCL 3rd-4th 2025"]
[Site "Mumbai IND"]
[Date "2025.12.23"]
[Round "3.5"]
[White "Tsolakidou, Stavroula"]
[Black "Khademalsharieh, Sarasadat"]
[Result "0-1"]
[WhiteTitle "IM"]
[BlackTitle "IM"]
[WhiteElo "2479"]
[BlackElo "2414"]
[WhiteTeam "Ganges Grandmasters"]
[BlackTeam "PBG Alaskan Knights"]
[WhiteFideId "4264312"]
[BlackFideId "12512214"]
[EventDate "2025.12.23"]
[EventType "team"]

1. e4 e5 2. Nf3 Nc6 3. Bc4 Bc5 4. O-O Nf6 5. d4 Bxd4 6. Nxd4 Nxd4 7. Be3 Ne6 8.
f4 exf4 9. e5 fxe3 10. exf6 gxf6 11. Nc3 c6 12. Ne4 d5 13. Nxf6+ Ke7 14. Bb3 Nc5
15. Qf3 Be6 16. Kh1 Nxb3 17. axb3 Qb6 18. Rae1 d4 19. Qf4 Rhg8 20. Qh4 Kd6 21.
Rf4 c5 22. Nxg8 Rxg8 23. Rf3 Qd8 24. Qf4+ Kd7 25. c3 Qg5 26. Qxg5 Rxg5 27. b4 b6
28. bxc5 bxc5 29. cxd4 cxd4 30. Rd1 Rd5 31. Ra1 e2 32. Rd3 Bf5 33. Rd2 d3 34.
Kg1 a5 35. Kf2 h5 36. Ke3 Re5+ 37. Kf2 Bg6 38. h3 Rf5+ 39. Kg1 h4 40. Re1 Rc5
41. Rexe2 Kc6 42. Re1 Kb5 43. Kf2 Rf5+ 44. Kg1 Rf4 45. Re5+ Kb4 46. Rd5 Rc4 47.
Rg5 Rc2 48. Rd1 Rxb2 49. Rg4+ Kb3 50. Rxh4 a4 51. Rg4 a3 52. Rxg6 fxg6 53. Rxd3+
Kb4 54. Rd4+ Kc3 55. Ra4 Kb3 56. Ra6 a2 57. Kh2 Rb1 58. Kg3 a1=Q 59. Rxa1 Rxa1
60. Kg4 Ra5 61. h4 Kc4 0-1

[Event "TechM GCL 3rd-4th 2025"]
[Site "Mumbai IND"]
[Date "2025.12.23"]
[Round "3.6"]
[White "Sadhwani, Raunak"]
[Black "Dardha, Daniel"]
[Result "1-0"]
[WhiteTitle "GM"]
[BlackTitle "GM"]
[WhiteElo "2638"]
[BlackElo "2603"]
[WhiteTeam "Ganges Grandmasters"]
[BlackTeam "PBG Alaskan Knights"]
[WhiteFideId "35093487"]
[BlackFideId "240990"]
[EventDate "2025.12.23"]
[EventType "team"]

1. e4 d6 2. d4 Nf6 3. Nc3 e5 4. Nf3 Nbd7 5. Bc4 Be7 6. O-O O-O 7. a4 c6 8. Re1
h6 9. h3 a5 10. Be3 Re8 11. d5 Nb6 12. Bb3 cxd5 13. exd5 Bd7 14. Nd2 Bf8 15. Ra3
Nc8 16. Bc4 Ne7 17. Rb3 Nf5 18. Bb6 Qb8 19. Bb5 Nd4 20. Bxd7 Nxd7 21. Bxd4 exd4
22. Nb5 Rxe1+ 23. Qxe1 Nc5 24. Ra3 Qe8 25. Qf1 Qd7 26. Nb3 Nxb3 27. Rxb3 Re8 28.
Rd3 g6 29. Rxd4 Re5 30. Rd1 Qe7 31. Na3 Re2 32. Nc4 Rxc2 33. Qd3 Qe2 34. Qxe2
Rxe2 35. Rd3 Rc2 36. b3 Be7 37. Nxa5 Bd8 38. Nxb7 Bb6 39. a5 Bxf2+ 40. Kf1 Ba7
41. Nxd6 Rf2+ 42. Ke1 Rxg2 43. Nb5 Bc5 44. d6 Bb4+ 45. Kd1 Bxa5 46. d7 Bd8 47.
Re3 Kg7 48. Re8 Bg5 49. d8=Q Bxd8 50. Rxd8 Rg3 51. Kc2 Rxh3 52. b4 h5 53. Nc3
Re3 54. b5 Re6 55. Na4 Re4 56. Kb3 Re3+ 57. Nc3 h4 58. b6 Re6 59. Na4 Re3+ 60.
Kc4 Re4+ 61. Kb5 Re1 62. b7 Rb1+ 63. Kc6 h3 64. b8=Q Rxb8 65. Rxb8 Kf6 66. Rh8
Ke5 67. Rxh3 f5 68. Nc5 g5 69. Re3+ Kd4 70. Re8 g4 71. Ne6+ Ke5 72. Ng7+ Kf6 73.
Kd5 Kxg7 74. Ke5 Kf7 75. Ra8 Kg6 76. Kf4 1-0

[Event "TechM GCL 3rd-4th 2025"]
[Site "Mumbai IND"]
[Date "2025.12.23"]
[Round "4.1"]
[White "Gukesh, D"]
[Black "Anand, Viswanathan"]
[Result "1-0"]
[WhiteTitle "GM"]
[BlackTitle "GM"]
[WhiteElo "2754"]
[BlackElo "2743"]
[WhiteTeam "PBG Alaskan Knights"]
[BlackTeam "Ganges Grandmasters"]
[WhiteFideId "46616543"]
[BlackFideId "5000017"]
[EventDate "2025.12.23"]
[EventType "team"]

1. e4 e5 2. Nf3 Nc6 3. g3 Nf6 4. d3 Bc5 5. Bg2 O-O 6. O-O d6 7. h3 a5 8. c4 Nd4
9. Nxd4 Bxd4 10. Nc3 Nd7 11. Kh2 Nc5 12. Ne2 Ne6 13. f4 Bc5 14. f5 Nd4 15. g4 c6
16. Ng3 b5 17. cxb5 cxb5 18. Be3 b4 19. Qd2 b3 20. f6 Ne6 21. fxg7 Nxg7 22. axb3
Bxe3 23. Qxe3 Rb8 24. Ra3 Be6 25. Qh6 Bxb3 26. Rf6 Be6 27. d4 Rxb2 28. d5 Bd7
29. Nf5 Bxf5 30. gxf5 Nh5 31. Rxd6 Qh4 32. Rf3 Rxg2+ 33. Kxg2 Rc8 34. Qd2 Nf4+
35. Kh2 a4 36. Qf2 Qxf2+ 37. Rxf2 Rc3 38. f6 h5 39. Rb2 a3 40. Ra2 h4 41. Ra6
Rxh3+ 42. Kg1 Rg3+ 43. Kh1 Re3 44. R6xa3 Rxe4 45. Rd2 Kh7 46. d6 Re1+ 47. Kh2 e4
48. d7 e3 49. Rxe3 1-0

[Event "TechM GCL 3rd-4th 2025"]
[Site "Mumbai IND"]
[Date "2025.12.23"]
[Round "4.2"]
[White "Erigaisi, Arjun"]
[Black "Keymer, Vincent"]
[Result "0-1"]
[WhiteTitle "GM"]
[BlackTitle "GM"]
[WhiteElo "2775"]
[BlackElo "2776"]
[WhiteTeam "PBG Alaskan Knights"]
[BlackTeam "Ganges Grandmasters"]
[WhiteFideId "35009192"]
[BlackFideId "12940690"]
[EventDate "2025.12.23"]
[EventType "team"]

1. d4 Nf6 2. c4 e6 3. Nf3 b6 4. e3 Bb7 5. Bd3 d5 6. b3 Nbd7 7. O-O Bd6 8. Bb2
O-O 9. Nc3 a6 10. Re1 Ne4 11. Ne2 Qe7 12. Nf4 Nef6 13. Ne5 dxc4 14. bxc4 c5 15.
Nxd7 Nxd7 16. d5 exd5 17. Nxd5 Bxd5 18. cxd5 b5 19. Bf5 Ne5 20. e4 g6 21. Bh3 c4
22. Bd4 Qh4 23. Re3 Rfe8 24. Qe2 h5 25. f3 Nd3 26. Qf1 Nf4 27. Kh1 Nxd5 28. Ree1
Nf4 29. e5 Nxh3 30. Re4 Qd8 31. exd6 Rxe4 32. fxe4 Qxd6 33. Rd1 Rd8 34. gxh3 c3
35. Qf2 b4 36. e5 Qc6+ 37. Kg1 Qc4 38. e6 Qxe6 39. Re1 Qxh3 40. Re4 Qf5 41. Qe3
Kh7 42. Rf4 Qd5 43. Qf2 Rd7 44. Qe2 Qg5+ 0-1

[Event "TechM GCL 3rd-4th 2025"]
[Site "Mumbai IND"]
[Date "2025.12.23"]
[Round "4.3"]
[White "Dominguez Perez, Leinier"]
[Black "Sindarov, Javokhir"]
[Result "1-0"]
[WhiteTitle "GM"]
[BlackTitle "GM"]
[WhiteElo "2738"]
[BlackElo "2726"]
[WhiteTeam "PBG Alaskan Knights"]
[BlackTeam "Ganges Grandmasters"]
[WhiteFideId "3503240"]
[BlackFideId "14205483"]
[EventDate "2025.12.23"]
[EventType "team"]

1. e4 e5 2. Nf3 Nc6 3. Bc4 Bc5 4. c3 d6 5. O-O Bb6 6. d3 Nf6 7. Re1 O-O 8. h3 h6
9. Nbd2 a5 10. Nf1 Be6 11. Bb5 Ne7 12. Ba4 Nd7 13. d4 f5 14. Bb3 Bxb3 15. Qxb3+
Kh8 16. dxe5 fxe4 17. exd6 cxd6 18. Nd4 Nc5 19. Qb5 d5 20. Be3 Rf6 21. Nf5 Nxf5
22. Bxc5 Nh4 23. Rad1 Bc7 24. Qxb7 Rg6 25. Ng3 Bxg3 26. fxg3 Rxg3 27. Kh1 Nxg2
28. Rg1 Qh4 29. Qxa8+ Kh7 30. Qc8 e3 31. Rxg2 Rxh3+ 32. Qxh3 Qxh3+ 33. Kg1 g5
34. Re1 Qf5 35. Bxe3 a4 36. Rf1 Qe4 37. Bd4 Qd3 38. a3 Kg6 39. Rf6+ Kh7 40. Rf1
Kg6 41. Rh2 Qg3+ 42. Kh1 Qd3 43. Rf6+ Kh7 44. Rhxh6+ Kg8 45. Rh8+ 1-0

[Event "TechM GCL 3rd-4th 2025"]
[Site "Mumbai IND"]
[Date "2025.12.23"]
[Round "4.4"]
[White "Lagno, Kateryna"]
[Black "Shuvalova, Polina"]
[Result "1-0"]
[WhiteTitle "GM"]
[BlackTitle "IM"]
[WhiteElo "2508"]
[BlackElo "2502"]
[WhiteTeam "PBG Alaskan Knights"]
[BlackTeam "Ganges Grandmasters"]
[WhiteFideId "14109336"]
[BlackFideId "24171760"]
[EventDate "2025.12.23"]
[EventType "team"]

1. e4 e5 2. Nf3 Nc6 3. Bb5 a6 4. Ba4 Nf6 5. O-O Be7 6. Re1 b5 7. Bb3 O-O 8. d3
d6 9. c3 Na5 10. Bc2 c5 11. h3 Re8 12. d4 cxd4 13. cxd4 exd4 14. Nxd4 Bb7 15.
Nc3 Bf8 16. Bg5 h6 17. Bh4 Nc4 18. b3 Nb6 19. Qf3 g5 20. Bg3 b4 21. Nd5 Nbxd5
22. exd5 Rxe1+ 23. Rxe1 Bxd5 24. Qf5 Bg7 25. h4 g4 26. h5 Qd7 27. Qd3 Re8 28.
Rxe8+ Qxe8 29. Nf5 Be4 30. Qd2 Bxc2 31. Qxc2 Nxh5 32. Nxd6 Qe1+ 33. Kh2 Nxg3 34.
fxg3 Qe6 35. Nf5 Be5 36. Qd3 a5 37. Qd8+ Kh7 38. Ne7 Kg7 39. Qg8+ Kf6 40. Nc8
Kf5 41. Qh7+ Kg5 42. Qg8+ Qg6 43. Qd8+ Qf6 44. Ne7 Bd6 45. Qg8+ Kh5 46. Nd5 Qe6
47. Qa8 Qf5 48. Qc6 Qe6 49. Qc4 Kg6 50. Qd3+ Kg7 51. Qd4+ Kf8 52. Nf6 Ke7 53.
Nxg4 h5 54. Ne3 h4 55. Qxh4+ Kd7 56. Qd4 Qh6+ 57. Kg1 Qe6 58. Nc4 Kc6 59. Qb6+
Kd5 60. Qxa5+ Ke4 61. Nxd6+ Qxd6 62. Qa8+ Ke5 63. Qf3 Qd4+ 64. Qf2 Qa1+ 65. Kh2
f5 66. Qc5+ Kf6 67. Qxb4 Qxa2 68. Qd6+ Kg5 69. b4 Qb2 70. Qc5 Qh8+ 71. Kg1 Qa1+
72. Kf2 Qb2+ 73. Kf3 Qb3+ 74. Qe3+ 1-0

[Event "TechM GCL 3rd-4th 2025"]
[Site "Mumbai IND"]
[Date "2025.12.23"]
[Round "4.5"]
[White "Khademalsharieh, Sarasadat"]
[Black "Tsolakidou, Stavroula"]
[Result "0-1"]
[WhiteTitle "IM"]
[BlackTitle "IM"]
[WhiteElo "2414"]
[BlackElo "2479"]
[WhiteTeam "PBG Alaskan Knights"]
[BlackTeam "Ganges Grandmasters"]
[WhiteFideId "12512214"]
[BlackFideId "4264312"]
[EventDate "2025.12.23"]
[EventType "team"]

1. d4 Nf6 2. Nf3 e6 3. c4 c5 4. d5 b5 5. dxe6 fxe6 6. cxb5 d5 7. a4 a6 8. e3 Bd6
9. Nc3 Nbd7 10. bxa6 Bxa6 11. Bxa6 Rxa6 12. O-O O-O 13. e4 d4 14. Nb5 Bb8 15.
Bg5 Qe8 16. Qe2 Ra8 17. e5 Nd5 18. Nd6 Qh5 19. Qe4 Rxf3 20. Qxf3 Qxf3 21. gxf3
Nxe5 22. Ne4 h6 23. Bd2 Nxf3+ 24. Kg2 Nxd2 25. Nxd2 Nf4+ 26. Kf3 Bc7 27. Ke4 Nd5
28. Rfc1 Rf8 29. Rxc5 Rf4+ 30. Kd3 Nb4+ 31. Ke2 d3+ 32. Kd1 Bd6 33. Rc8+ Kh7 34.
Ke1 Nc2+ 35. Rxc2 dxc2 36. Rc1 Rxa4 37. Rxc2 Bxh2 38. Nf3 Bf4 39. Ke2 e5 40. Nd2
Bxd2 41. Rxd2 Kg6 42. Kd3 Kf5 43. Kc3 h5 44. b3 Ra7 45. Rd8 h4 46. Rh8 g5 47. b4
Kg4 48. b5 Kf3 49. Rf8+ Kg2 50. Kc4 h3 51. Rh8 h2 0-1

[Event "TechM GCL 3rd-4th 2025"]
[Site "Mumbai IND"]
[Date "2025.12.23"]
[Round "4.6"]
[White "Dardha, Daniel"]
[Black "Sadhwani, Raunak"]
[Result "1-0"]
[WhiteTitle "GM"]
[BlackTitle "GM"]
[WhiteElo "2603"]
[BlackElo "2638"]
[WhiteTeam "PBG Alaskan Knights"]
[BlackTeam "Ganges Grandmasters"]
[WhiteFideId "240990"]
[BlackFideId "35093487"]
[EventDate "2025.12.23"]
[EventType "team"]

1. d4 Nf6 2. c4 e6 3. Nc3 d5 4. cxd5 exd5 5. Bg5 c6 6. e3 h6 7. Bh4 Be7 8. Bd3
O-O 9. Bg3 Re8 10. Nf3 Bg4 11. Qc2 Bxf3 12. gxf3 a5 13. Rg1 Na6 14. Bf5 c5 15.
Kf1 Nb4 16. Qd2 Qb6 17. Be5 Rad8 18. Kg2 cxd4 19. exd4 Nc6 20. Kh1 Nxe5 21. dxe5
Nh5 22. f4 Bb4 23. Qe2 Nxf4 24. Qg4 g6 25. Qxf4 Bf8 26. e6 Rxe6 27. Bxe6 Qxe6
28. Rae1 Qc6 29. Qf3 Bg7 30. Rd1 d4 31. Qxc6 bxc6 32. Na4 h5 1-0